000 nam a22 7a 4500
999 _c9125
_d9125
008 180123b ||||| |||| 00| 0 eng d
100 _aShamsi N
_95387
245 _aComputer Undate - VI
260 _aNew Delhi
_bCordova Publication
_c2008